| 000 | 00351pab a2200145 454500 | ||
|---|---|---|---|
| 008 | 180718b1983 xxu||||| |||| 00| 0 eng d | ||
| 100 | _aMoore, Ron | ||
| 245 | _aJob evaluation in local government | ||
| 260 | _c1983 | ||
| 300 | _a17-9 | ||
| 362 | _aDec. | ||
| 650 | _aPersonnel, Municipal - New Zealand | ||
| 773 | _aPublic Sector | ||
| 909 | _a14979 | ||
| 999 |
_c14979 _d14979 |
||